000 00401nam a2200169Ia 4500
001 22585
005 20260414150841.0
008 260414t2003||||xx |||||||||||||| ||spa||
041 _aESP
082 _a621.382
_bT69 2003
100 _aTomasi, Wayne
_eAUT
245 0 _aSistemas de comunicaciones electrónicas
_b
260 _c2003
650 _aTCA
654 _aCET
942 _cLIB
_dJUS
_fJUS
_2ddc
_n
999 _c22585
_d22585